Πιο Αραιοκατοικημένες Ελληνικές Π.Ε. - Statistics

General Stats
  • This quiz has been taken 5 times
  • The average score is 5 of 10
Answer Stats
Θέση Πυκνότητα πληθυσμού Περιφερειακή ενότητα % Correct
2 13,86 Γρεβενών
100%
5 19,02 Φωκίδας
100%
9 26,71 Φλώρινας
100%
1 10,74 Ευρυτανίας
80%
6 19,62 Αρκαδίας
80%
8 24,52 Λακωνίας
40%
10 27,4 Μήλου
20%
3 15,7 Κέας-Κύθνου
0%
4 18,54 Καρπάθου-Κάσου
0%
7 24,26 Άνδρου
0%
No matching quizzes found
Score Distribution
Percent of People with Each Score
Percentile by Number Answered
Your Score History
You have not taken this quiz